[Event "Niederoesterreich Landesliga 0405"]
[Site "Austria"]
[Date "2004.12.12"]
[Round "6"]
[White "Wolfram, Bernd"]
[Black "Neussner, Siegfried"]
[Result "1/2-1/2"]
[WhiteElo "2197"]
[BlackElo "2070"]
[PlyCount "55"]
[EventDate "2004.09.19"]
[EventType "team-tourn"]
[EventRounds "11"]
[EventCountry "AUT"]
[SourceTitle "EXT 2022"]
[Source "ChessBase"]
[SourceDate "2021.10.06"]
[SourceVersion "1"]
[SourceVersionDate "2021.10.06"]
[SourceQuality "1"]

1. e4 e5 2. Nc3 Nf6 3. Nf3 Nc6 4. d4 exd4 5. Nd5 Be7 6. Bf4 d6 7. Nxd4 Nxd5 8. exd5 Nxd4 9. Qxd4 Bf6 10. Qe3+ Qe7 11. 0-0-0 Qxe3+ 12. Bxe3 0-0 13. Bd3 Bd7 14. h3 Rfe8 15. g4 h6 16. Rhe1 Bg5 17. Kd2 Bxe3+ 18. Rxe3 Rxe3 19. Kxe3 Rf8 20. f4 f5 21. Kf3 g5 22. Bxf5 Bxf5 23. gxf5 Rxf5 24. Rd4 Kg7 25. Rc4 Rxf4+ 26. Rxf4 gxf4 27. Kxf4 Kf6 28. c4 1/2-1/2

[Event "Oberwart op"]
[Site "Oberwart"]
[Date "1999.??.??"]
[Round "3"]
[White "Neussner, Siegfried"]
[Black "Zimmerman, Yuri"]
[Result "1/2-1/2"]
[WhiteElo "2190"]
[BlackElo "2440"]
[PlyCount "103"]
[EventDate "1999.07.??"]
[EventType "swiss"]
[EventRounds "9"]
[EventCountry "AUT"]
[SourceTitle "EXT 2000"]
[Source "ChessBase"]
[SourceDate "1999.11.16"]
[SourceVersion "1"]
[SourceVersionDate "1999.11.16"]
[SourceQuality "1"]

1. e4 d6 2. d4 Nf6 3. Nc3 g6 4. f4 Bg7 5. Nf3 c5 6. Bb5+ Bd7 7. e5 Ng4 8. Bxd7+ Qxd7 9. d5 dxe5 10. h3 e4 11. Nxe4 Nf6 12. Nxf6+ Bxf6 13. c4 0-0 14. 0-0 e6 15. Ne5 Qd6 16. Qb3 Nd7 17. Qxb7 Nxe5 18. fxe5 Qxe5 19. Bh6 Rfb8 20. Qc6 Rc8 21. Qa6 Re8 22. Rae1 Qxb2 23. dxe6 Bd4+ 24. Kh1 f5 25. Rb1 Qe2 26. Rbe1 Qb2 27. Rb1 Qe2 28. Rbe1 Qh5 29. Bf4 Qh4 30. Be5 Qe7 31. Bxd4 cxd4 32. Rf3 Rad8 33. Rd3 Rd6 34. Qa5 Qb7 35. Qc5 Rdxe6 36. Rxe6 Rxe6 37. Qxd4 Re1+ 38. Kh2 Qc7+ 39. Qd6 Qxd6+ 40. Rxd6 Re7 41. Ra6 Rc7 42. Kg3 Kf7 43. Kf3 Ke7 44. Ke3 Rxc4 45. Rxa7+ Kf6 46. Rxh7 Rc3+ 47. Kf2 Rc2+ 48. Kf3 Rc3+ 49. Kf2 Ra3 50. Rb7 Rxa2+ 51. Kf3 Ra3+ 52. Kf2 1/2-1/2

[Event "Oberwart op"]
[Site "Oberwart"]
[Date "1999.??.??"]
[Round "8"]
[White "Tschohl, Christof"]
[Black "Neussner, Siegfried"]
[Result "1/2-1/2"]
[WhiteElo "2117"]
[BlackElo "2190"]
[PlyCount "28"]
[EventDate "1999.07.??"]
[EventType "swiss"]
[EventRounds "9"]
[EventCountry "AUT"]
[SourceTitle "EXT 2000"]
[Source "ChessBase"]
[SourceDate "1999.11.16"]
[SourceVersion "1"]
[SourceVersionDate "1999.11.16"]
[SourceQuality "1"]

1. e4 e5 2. Nf3 Nc6 3. Bb5 a6 4. Ba4 Nf6 5. 0-0 Be7 6. Re1 b5 7. Bb3 d6 8. h3 0-0 9. c3 Na5 10. Bc2 c5 11. d4 Qc7 12. Nbd2 cxd4 13. cxd4 Nc6 14. Nf1 exd4 1/2-1/2